000 00716nam a2200205Ii 4500
003 JO-AjNU
008 230605s9999||||xx |||||||||||||| ||und||
040 _aJO-AjNU
_bara
_erda
_cJO-AjNU
041 _aara
050 1 4 _aZ665.G4278 1999
100 3 _aغراب ، كامل السيد /م مشارك فادية حجازي ,
_eauthor
_919562
245 0 0 _aنظم المعلومات الادارية مدخل اداري
250 _aط1
264 3 1 _aالقاهرة :مطبعة الاشعاع الفنية ،1999
300 _a546ص
336 _atext
_btxt
_2rdacontent
337 _aunmediated
_bn
_2rdamedia
338 _avolume
_bnc
_2rdacarrier
650 4 _aنظم المعلومات الادارية
_919563
999 _aA6477
_c10045
_d10045